000 00409nmm a2200145Ia 4500
008 251105s9999||||xx |||||||||||||||||und||
041 _aspa
100 _aMacDonald, John D.
245 0 _aAdiós en azul
264 _a[Madrid, España] :
_bLibros del asteroide,
_c2015
300 _a240 páginas
650 _aThriller & Suspense
856 _uhttps://public.digitaliapublishing.com/a/50564
942 _cCF
999 _c105732
_d105732